Logo samochodów - Statystyki

Ogólne statystyki
  • Ten quiz został rozwiązany 2 563 razy
  • Średni wynik to 14 z 15
Statystyki odpowiedzi
Obrazkowy Odpowiedź % Poprawnych
BMW
100%
Ford
99%
Jaguar
99%
Mercedes
99%
Opel
98%
Audi
97%
Porsche
97%
Ferrari
93%
Mini
92%
Alfa Romeo
90%
Rolls Royce
90%
Citroen
87%
Volkswagen
87%
Peugeot
82%
Dacia
78%
Nie znaleziono quizów pasujących do podanych kryteriów
Rozkład punktacji
Procent ludzi z każdym wynikiem
Percentyl według liczby udzielonych odpowiedzi
Twoja historia wyników
Nie rozwiązałeś tego quizu